[Event "Let's Play Chess!"]
[Site "http://www.queenalice.com/game.php?id=1868531"]
[Date "2026.1.30"]
[Round "-"]
[White "alow_proton"]
[Black "WoodpusherKid"]
[Result "0-1"]
[WhiteElo "2129"]
[BlackElo "2651"]

1. e4 e5 2. f4 exf4 3. Nf3 Nf6 4. e5 Nh5 5. Bc4 d5 6. Bb3 Nc6 7. d4 Be6 8. a3 g5
9. Nc3 g4 10. Ng1 Qh4+ 11. Kd2 Qf2+ 12. Qe2 Qxd4+ 13. Ke1 Qxe5 14. Qxe5 Nxe5 15.
Bxd5 O-O-O 16. Bxe6+ fxe6 17. Ne4 Be7 18. b3 Rhf8 19. Bb2 Bh4+ 20. Ke2 f3+ 21.
gxf3 gxf3+ 22. Kf1 Ng4 23. Re1 Ne3+ 24. Rxe3 Rd1+ 0-1

[Event "Let's Play Chess!"]
[Site "http://www.queenalice.com/game.php?id=1868532"]
[Date "2026.1.30"]
[Round "-"]
[White "WoodpusherKid"]
[Black "alow_proton"]
[Result "1-0"]
[WhiteElo "2658"]
[BlackElo "2100"]

1. c4 e5 2. d3 Nc6 3. g3 Nf6 4. Nf3 h6 5. Nc3 a6 6. Bg2 Bc5 7. Nxe5 Bxf2+ 8.
Kxf2 Nxe5 9. Rf1 d6 10. b3 c6 11. Kg1 Bg4 12. h3 Be6 13. d4 Ng6 14. d5 Bd7 15.
dxc6 Bxc6 16. e4 O-O 17. Qd4 Qc7 18. Bxh6 gxh6 19. Rxf6 Kh7 20. Raf1 Rad8 21.
Qe3 Rde8 22. h4 Re6 23. h5 Rxf6 24. Rxf6 Kg7 25. e5 dxe5 26. Bxc6 bxc6 27. Ne4
Qd7 28. hxg6 Qd1+ 29. Kh2 Qh5+ 30. Kg2 fxg6 31. Qa7+ Kg8 32. Qe7 Qe2+ 33. Nf2
Rxf6 34. Qxf6 Qxa2 35. Qxg6+ Kh8 36. Qxh6+ Kg8 37. Qxc6 a5 38. Qd5+ Kf8 39. c5
e4 40. Qxe4 Qxb3 41. c6 a4 42. Qf5+ Kg8 43. Qd7 a3 44. c7 1-0

[Event "AUTO-OPEN-4616"]
[Site "http://www.queenalice.com/game.php?id=1868680"]
[Date "2026.1.30"]
[Round "2"]
[White "cerenzo72"]
[Black "WoodpusherKid"]
[Result "0-1"]
[WhiteElo "2208"]
[BlackElo "2663"]

1. c4 e5 2. g3 Nf6 3. Bg2 Bc5 4. e3 d5 5. cxd5 Nxd5 6. Nc3 Nb4 7. d4 exd4 8.
exd4 Bxd4 9. Nge2 Bxc3+ 10. Nxc3 Qxd1+ 11. Nxd1 Nc2+ 12. Kd2 Nxa1 13. Re1+ Kd8
14. b3 Re8 15. Bb2 Rxe1 16. Kxe1 Nc2+ 17. Kd2 Nb4 18. a3 N4c6 19. Bxg7 Be6 20.
Kc3 Nd7 21. Ne3 Ke7 22. f4 f6 23. f5 Bf7 24. Ng4 Bh5 25. Ne3 Kf7 26. Bh6 Re8 27.
g4 Rxe3+ 28. Bxe3 Bxg4 29. Bd5+ Ke7 30. Be6 b6 31. Bf4 Nde5 32. a4 Nd8 33. Bc8
h5 34. Kd4 c5+ 35. Kc3 Kd6 36. Bh6 Ndf7 37. Bg7 Ng5 38. b4 Ne4+ 39. Kb3 Bd1+ 40.
Ka3 Nc4+ 41. Ka2 cxb4 42. Bb7 b3+ 0-1

[Event "AUTO-OPEN-4616"]
[Site "http://www.queenalice.com/game.php?id=1868681"]
[Date "2026.1.30"]
[Round "2"]
[White "WoodpusherKid"]
[Black "cerenzo72"]
[Result "1-0"]
[WhiteElo "2661"]
[BlackElo "2190"]

1. c4 Nf6 2. Nf3 d6 3. d4 g6 4. Nc3 Bg7 5. e4 O-O 6. Be2 c5 7. O-O cxd4 8. Nxd4
Nc6 9. Be3 Bd7 10. h3 e5 11. Ndb5 Ne8 12. Nxd6 Nxd6 13. Qxd6 a6 14. Qd2 Qe7 15.
Nd5 Qd8 16. Nb6 Be6 17. Nxa8 Qxa8 18. Rfd1 Rd8 19. Qc3 1-0

[Event "AUTO-OPEN-4616"]
[Site "http://www.queenalice.com/game.php?id=1868684"]
[Date "2026.1.30"]
[Round "2"]
[White "pizzaiolo72"]
[Black "WoodpusherKid"]
[Result "0-1"]
[WhiteElo "2142"]
[BlackElo "2660"]

1. e4 e5 2. Nf3 Nc6 3. Bc4 Bc5 4. O-O Nf6 5. d3 O-O 6. Bg5 a5 7. a4 d6 8. h3 h6
9. Bh4 g5 10. Bg3 Nh5 11. Nc3 Nxg3 12. Re1 g4 13. hxg4 Bxg4 14. Qd2 Qf6 15. Nd5
Qg6 16. Nh4 Qg5 17. Qxg5+ hxg5 18. Nf6+ Kg7 19. Nxg4 gxh4 20. Kh2 f5 21. exf5
Nxf5 22. c3 Nh6 23. Nxh6 Kxh6 24. f3 Bf2 25. Re4 Bg3+ 26. Kh3 Rf5 27. Be6 Rg5
28. d4 Ne7 29. Rg4 exd4 30. cxd4 Rxg4 31. Kxg4 Rf8 32. Rc1 Ng6 33. Bf5 Ne7 34.
Be6 Rf4+ 35. Kh3 c6 36. Rc4 d5 37. Rc5 Rf6 38. Bg4 Ng6 39. Bc8 Kg5 0-1

[Event "AUTO-OPEN-4616"]
[Site "http://www.queenalice.com/game.php?id=1868685"]
[Date "2026.1.30"]
[Round "2"]
[White "WoodpusherKid"]
[Black "pizzaiolo72"]
[Result "1-0"]
[WhiteElo "2650"]
[BlackElo "2155"]

1. e4 Nf6 2. e5 Nd5 3. d4 d6 4. c4 Nb6 5. f4 dxe5 6. fxe5 Nc6 7. c5 Nd5 8. Bc4
Bf5 9. Ne2 e6 10. O-O Bxb1 11. Rxb1 b6 12. Qa4 Ne7 13. Bg5 f6 14. Bxe6 1-0

[Event "Let's Play Chess!"]
[Site "http://www.queenalice.com/game.php?id=1868832"]
[Date "2026.2.4"]
[Round "-"]
[White "alow_proton"]
[Black "WoodpusherKid"]
[Result "0-1"]
[WhiteElo "2101"]
[BlackElo "2659"]

1. e4 e5 2. f4 exf4 3. Nf3 Be7 4. Bc4 Nf6 5. e5 Nh5 6. O-O d6 7. d4 O-O 8. Nc3
Bg4 9. Qd3 Nc6 10. a3 dxe5 11. Nxe5 Nxe5 12. dxe5 Bc5+ 13. Kh1 Ng3+ 14. hxg3 Qg5
0-1

[Event "AUTO-OPEN-4625"]
[Site "http://www.queenalice.com/game.php?id=1868841"]
[Date "2026.2.3"]
[Round "2"]
[White "WoodpusherKid"]
[Black "Pipo712"]
[Result "1-0"]
[WhiteElo "2659"]
[BlackElo "2077"]

1. c4 c5 2. Nf3 Nf6 3. Nc3 e6 4. g3 b6 5. Bg2 Bb7 6. O-O Be7 7. d4 cxd4 8. Qxd4
d6 9. Rd1 a6 10. Bg5 Nbd7 11. Qd2 Qc7 12. Bf4 e5 13. Bg5 h6 14. Bxf6 Nxf6 15. b3
O-O 16. Nh4 Bxg2 17. Nxg2 Qc6 18. Ne3 Ne4 19. Ned5 Bg5 20. Nxe4 1-0

[Event "AUTO-OPEN-4625"]
[Site "http://www.queenalice.com/game.php?id=1868842"]
[Date "2026.2.3"]
[Round "2"]
[White "Pipo712"]
[Black "WoodpusherKid"]
[Result "0-1"]
[WhiteElo "2079"]
[BlackElo "2660"]

1. e4 e5 2. Nf3 Nc6 3. Bb5 Nf6 4. O-O Nxe4 5. d4 Nd6 6. Bxc6 dxc6 7. dxe5 Nf5 8.
Qe2 Nd4 9. Nxd4 Qxd4 10. h3 Bf5 11. Nc3 Bb4 12. Rd1 Qh4 13. g4 Be6 14. Kg2 Bxc3
15. bxc3 h5 16. f4 hxg4 0-1

[Event "Let's Play Chess!"]
[Site "http://www.queenalice.com/game.php?id=1869490"]
[Date "2026.2.20"]
[Round "-"]
[White "alow_proton"]
[Black "WoodpusherKid"]
[Result "0-1"]
[WhiteElo "2083"]
[BlackElo "2664"]

1. e4 c6 2. d4 d5 3. e5 c5 4. c3 Nc6 5. Nf3 cxd4 6. cxd4 Bg4 7. Be2 e6 8. a3 Qb6
9. O-O Bxf3 10. Bxf3 Qxd4 11. Qxd4 Nxd4 12. Bd1 Bc5 13. b4 Bb6 14. Ba4+ Ke7 15.
Bb2 Ne2+ 16. Kh1 Rc8 17. Nd2 Nf4 18. Rac1 Nh6 19. Kg1 Ne2+ 20. Kh1 Nxc1 21. Rxc1
Bd4 22. Rxc8 Rxc8 23. Bxd4 Rc1+ 0-1

[Event "Let's Play Chess!"]
[Site "http://www.queenalice.com/game.php?id=1869491"]
[Date "2026.2.20"]
[Round "-"]
[White "WoodpusherKid"]
[Black "alow_proton"]
[Result "1-0"]
[WhiteElo "2666"]
[BlackElo "2086"]

1. c3 d5 2. d4 Nf6 3. Bf4 e6 4. e3 c5 5. Nf3 c4 6. b3 b5 7. a4 Bd7 8. axb5 Bxb5
9. bxc4 dxc4 10. Bxc4 Bxc4 11. Qa4+ Qd7 12. Qxc4 Bd6 13. Bxd6 Qxd6 14. Qb5+ Qd7
15. Qxd7+ Nbxd7 16. Ke2 Ke7 17. Nbd2 Rhc8 18. Rhc1 a5 19. c4 Nb6 20. c5 Nbd5 21.
Nc4 Ra6 22. Rxa5 Rxa5 23. Nxa5 Nb4 24. Rb1 Nfd5 25. Kd2 f6 26. e4 Nf4 27. Rxb4
Nxg2 28. c6 Rc7 29. Rb7 Kd6 30. e5+ 1-0

[Event "Let's Play Chess!"]
[Site "http://www.queenalice.com/game.php?id=1869955"]
[Date "2026.2.28"]
[Round "-"]
[White "WoodpusherKid"]
[Black "alow_proton"]
[Result "1-0"]
[WhiteElo "2673"]
[BlackElo "2087"]

1. Nf3 d5 2. d4 Nf6 3. c4 c6 4. Nc3 a6 5. c5 b6 6. cxb6 Qxb6 7. Na4 Qc7 8. g3 e6
9. Bg2 Bb4+ 10. Bd2 Qa5 11. O-O Bxd2 12. Nxd2 O-O 13. e4 dxe4 14. Nxe4 Nxe4 15.
Bxe4 Qc7 16. Qh5 g6 17. Qh6 Nd7 18. Rac1 Bb7 19. Rfd1 Qa5 20. Nc5 Nxc5 21. Rxc5
Qb6 22. Rh5 1-0

[Event "Let's Play Chess!"]
[Site "http://www.queenalice.com/game.php?id=1870005"]
[Date "2026.3.2"]
[Round "-"]
[White "alow_proton"]
[Black "WoodpusherKid"]
[Result "0-1"]
[WhiteElo "2085"]
[BlackElo "2675"]

1. e4 e5 2. f4 exf4 3. Nf3 Nf6 4. Nc3 g6 5. d4 d5 6. e5 Nh5 7. Be2 Nc6 8. O-O
Bh6 9. Ne1 Ng7 10. Bxf4 Bxf4 11. Rxf4 Ne6 12. Rg4 h5 13. Rg3 Ncxd4 14. Bf1 Nf5
15. Nxd5 Nxg3 16. Nf6+ Ke7 17. Nd5+ Kf8 18. hxg3 h4 19. Nf3 hxg3 20. Nf6 Qe7 21.
Nd5 Qc5+ 22. Nd4 Nxd4 0-1

[Event "AUTO-OPEN-4643"]
[Site "http://www.queenalice.com/game.php?id=1870468"]
[Date "2026.3.13"]
[Round "1"]
[White "WoodpusherKid"]
[Black "Capixaba789"]
[Result "1-0"]
[WhiteElo "2680"]
[BlackElo "1916"]

1. c4 e5 2. e4 Nf6 3. d3 Bb4+ 4. Nc3 Bxc3+ 5. bxc3 d6 6. Ne2 O-O 7. Ng3 c5 8.
Be2 Nc6 9. O-O Be6 10. a4 a6 11. Rb1 Re8 12. Rxb7 Ne7 13. f4 exf4 14. Bxf4 Ng6
15. Bg5 Qc8 16. Rb6 1-0

[Event "AUTO-OPEN-4643"]
[Site "http://www.queenalice.com/game.php?id=1870469"]
[Date "2026.3.13"]
[Round "1"]
[White "Capixaba789"]
[Black "WoodpusherKid"]
[Result "0-1"]
[WhiteElo "1904"]
[BlackElo "2681"]

1. d4 d5 2. Nc3 Nf6 3. f4 e6 4. Nf3 c5 5. e3 a6 6. Be2 b5 7. dxc5 Bxc5 8. O-O
O-O 9. Kh1 Re8 10. Bd2 Nc6 11. Ne5 Nxe5 12. fxe5 Nd7 13. Bg4 Nxe5 14. Bh3 b4 15.
Ne2 Nc4 16. Nf4 Nxb2 17. Qh5 Nc4 0-1